000 00506nam a2200169 i 4500
001 142921
003 ES-MaACL
005 20230906200648.0
007 t|
008 071010s1966 sp ||||1| spa d
100 1 _aVicente Gella, Fausto.
_9114356
245 1 0 _aOratoria forense /
_cFausto Vicente Gella.
260 _aLas Palmas :
_bIlustre Colegio de Abogados,
_c[1966]
300 _a92 p. ;
_c25 cm.
500 _aSeparata de la "Revista del Foro Canario"
852 _aES-MaACL
_j2053-F-26
_bR.70064
999 _c142921
_d142921